00365nam a2200133 a 45000010010000000030011000100080041000210350026000620820017000881000026001052450050001312600032001816500018002130000-9263ELIB.Books110520 1981  a(ELIB.Books)0000-9415 a227.97 bHes aHesselgrave, David J. aWhat in the World has gotton into the Church? bChicago: Moody Press c1981 aNew Testament